Tablas usuales /
Guardado en:
| Autor Principal: | |
|---|---|
| Formato: | Libro |
| Publicado: |
Argentina :
El Ateneo,
1975
|
| Edición: | 43a. ed. |
| Materias: | |
| Etiquetas: |
Agregar Etiqueta
Sin Etiquetas, Sea el primero en etiquetar este registro!
|
| LEADER | 00662nam a22002175a 4500 | ||
|---|---|---|---|
| 001 | CEM.cems003755 | ||
| 005 | 19000101000000.0 | ||
| 008 | 130507s1975##################000#0#####d | ||
| 003 | CEMS | ||
| 082 | 0 | 4 | |a 510.83 |
| 100 | 1 | |a Lascurain, Antonio | |
| 245 | 1 | 0 | |a Tablas usuales / |
| 250 | |a 43a. ed. | ||
| 260 | |a Argentina : |b El Ateneo, |c 1975 | ||
| 300 | |a 238 p. | ||
| 653 | |a Logaritmos | ||
| 653 | |a Matematica | ||
| 653 | |a Tablas matematicas | ||
| 859 | |a CEMS |b BIB. CEMS - 11 de abril |h 510.83 |i L333a43 |p 12022.83 |t Ej.3 | ||
| 859 | |a CEMS |b BIB. CEMS - 11 de abril |h 510.83 |i L333a43 |p 12106.83 |t Ej.2 | ||
| 859 | |a CEMS |b BIB. CEMS - 11 de abril |h 510.83 |i L333a43 |p 1424.74 |t Ej.1 | ||
